000 00563nam a22001697a 4500
005 20251108171008.0
008 250721s1996 xx 000 0 ara d
082 1 4 _aا351.1/علي
100 1 _aعلي، علي إسماعيل
245 1 0 _aالمهارات الأساسية في ممارسة خدمة الفرد /
264 1 _aالأسكندرية :
_bدار المعرفة الجامعية،
_c1996.
300 _a284ص
650 1 7 _aالخدمة المدنية
650 1 7 _aالموظفون والمستخدمون
942 _2ddc
_cBK
999 _c53939
_d53939